LEADER 02855oam 2200493I 450 001 9910164872903321 005 20240505202223.0 010 $a1-138-19372-0 010 $a1-315-63921-1 010 $a1-317-27335-4 024 7 $a10.4324/9781315639215 035 $a(CKB)3710000001060360 035 $a(MiAaPQ)EBC4809823 035 $a(OCoLC)974670614 035 $a(BIP)53771811 035 $a(BIP)53771810 035 $a(EXLCZ)993710000001060360 100 $a20180706d2017 uy 0 101 0 $aeng 135 $aurcnu|||||||| 181 $2rdacontent 182 $2rdamedia 183 $2rdacarrier 200 00$ae-learning ecologies $eprinciples for new learning and assessment /$fedited by Bill Cope and Mary Kalantzis 205 $a1st ed. 210 1$aLondon :$cRoutledge,$d2017. 215 $a1 online resource (225 pages) $cillustrations 311 08$a1-138-19371-2 311 08$a1-317-27336-2 320 $aIncludes bibliographical references at the end of each chapters and index. 327 $a1. Conceptualizing e-Learning / Bill Cope and Mary Kalantzis -- 2. Ubiquitous learning : spatio-temporal dimensions of e-learning / Samaa Haniya and Adam Rusch -- 3. Active knowledge making : epistemic dimensions of e-learning / Tabassum Amina -- 4. Multimodal meaning : discursive dimensions of e-learning / Anna Smith and Katrina Kennett -- 5. Recursive feedback : evaluative dimensions of e-learning / Anna Smith, Sarah McCarthey, and Alecia Magnifico -- 6. Collaborative intelligence : social dimensions of e-learning / Jane Blanken-Webb -- 7. Metacognition : cognitive dimensions of e-learning / Jane Blanken-Webb -- 8. Differentiated learning : diversity dimensions of e-learning / Samaa Haniya and Sol Roberts-Lieb. 330 $ae-Learning Ecologies offers a theoretical overview of new and emerging learning environments, a review of the research evidence of their effectiveness, and a wide variety of examples of learning technologies and technology implementations that demonstrate these affordances in action. The first layer of the book is analytical, exploring seven new learning affordances opened up by new media. The second layer is evidentiary what does the educational research literature tell us about the effectiveness of teaching and learning in each of these seven areas of e-learning affordance. The third layer is a series of case studies of specific technologies put to work in educational practice." 606 $aEducation$xComputer network resources 615 0$aEducation$xComputer network resources. 676 $a371.3344678 701 $aCope$b Bill$0881016 701 $aKalantzis$b Mary$0881017 801 0$bMiAaPQ 801 1$bMiAaPQ 801 2$bMiAaPQ 906 $aBOOK 912 $a9910164872903321 996 $aE-learning ecologies$91967767 997 $aUNINA